00886 a2200157 450000500170000002000180001708200160003524502260005126000580027730000710033570000170040694200130042399900130043695201370044995201420058620250314170553.0 a1 85339 016 X a338.642 LEV aMicroenterprises in Developing Countries: Paper and Proceedings of an International Conferences Held in Washington, D.C., USA, 6-9 June 1988, Sponsored by the Committee of Donor Agencies for Small Enterprise Development. aLondon,bIntermediate Technology publications,c1989. axxxviii,274p.: ill.; figure, tablebBibliography, Referencesc22cm aLEVITSKY, J. 2ddccBKS c677d677 r2025-03-14 17:06:49l0o338.642 LEVp0000002681v30000.00w2025-03-14yBKS102ddc407000aCBEMLbCBEMLcGENd2000-08-16g10000.00 r2025-05-29 11:17:58l0o338.642 LEVp00000010440v30000.00w2025-05-29yBKS102ddc407000aCBEMLbCBEMLcSPECIALd2000-08-16g10000.00